01455nam a2200253 a 450000100100000000500170001000800410002702000150006804000250008308200150010824503170012324600930044026002030053330000210073649000460075750000680080370000410087170000310091270000350094370000400097883000530101895201130107199900170118400004182220201002035756.0131018s2005 sp 000 0 spa d a8400083660 aDO-SdBNPbspacBNPHU axxxxbxxxx00aNegociar en la Edad Media = Négocier Au Moyen Âge. :bactas del Coloquio celebrado en Barcelona los días 14, 15 y 16 de octubre de 2004 = actes du colloque tenu à Barcelone du 14 au 16 octubre 2004. /cMaría Teresa Ferrer Mallol, Jean-Marie Moeglin, Stéphane Péquignot, Manuel Sánchez Martínez.31aNégocier au moyen âgebactes du colloque tenu à Barcelone du 14 au 16 octubre 2004 aBarcelona, :bConsejo Superior de Investigaciones CientíficasbInstitución Milá y Fontanals, Depto. de Estudios Mediavales Casa de VelázquezbUniversité de Paris-XII (Val-de-Marne),c2005. a593 p. ;c24 cm.1 aAnuario de estudios medievales, anejov61 aIncluye notas y referencias bibliografícas al pie de página1 aFerrer Mallol, María Teresa9686961 aMoeglin, Jean-Marie9686971 aPéquignot, Stéphane9686981 aSánchez Martínez, Manuel968485 0aAnuario de estudios medievales, anejov61964050 001050718MOaGRbGRcCTd2013-10-18iLF1l0oxxxx xxxxp41822-10r2020-06-25w2020-06-25y1ZNo se presta c41311d41311